Statistics for 20 Biggest Metropolitan Areas by GDP

Click here to take the quiz!

General Stats

  • This quiz has been taken 1,634 times
  • The average score is 16 of 20

Answer Stats

RankGDP (billion)Answer% Correct
21,403New York
99%
5835London
98%
11,616Tokyo
98%
3860Los Angeles
97%
6715Paris
97%
11506Beijing
95%
8594Shanghai
95%
10553Moscow
91%
9563Chicago
89%
18403Mexico City
81%
16416Hong Kong
80%
4845Seoul-Incheon
80%
19380Guangzhou
78%
7671Osaka-Kobe
76%
13483Houston
74%
15430Sao Paulo
74%
17412Dallas
70%
14442Washington
61%
20371Tianjin
34%
12485Rhine-Ruhr
28%

Score Distribution

Percentile by Number Answered

Percent of People with Each Score

Your Score History

You have not taken this quiz